गंगा-युमना केदारनाथ त्रासदी / (Record no. 164378)

MARC details
000 -LEADER
fixed length control field 01316nam a22002417a 4500
005 - DATE AND TIME OF LATEST TRANSACTION
control field 20201127113051.0
010 ## - LCCN (DPL NO)
LC control number HIN-116149 B-734066-070
020 ## - INTERNATIONAL STANDARD BOOK NUMBER
Terms of availability 400.00
International Standard Book Number 9789383555086
035 ## - SYSTEM CONTROL NUMBER
System control number HN-88495
035 ## - SYSTEM CONTROL NUMBER
System control number B-734066-070
037 ## - SOURCE OF ACQUISITION
Source of stock number/acquisition DBAD/PUB
037 ## - SOURCE OF ACQUISITION
Source of stock number/acquisition आकाश गंगा पब्लिकेशन
082 ## - DEWEY DECIMAL CLASSIFICATION NUMBER
Classification number 954.13
100 ## - MAIN ENTRY--PERSONAL NAME
Personal name भाटिया,सुदर्शन
245 ## - TITLE STATEMENT
Title गंगा-युमना केदारनाथ त्रासदी /
Statement of responsibility, etc सुदर्शन भाटिया
246 ## - VARYING FORM OF TITLE
Title proper/short title Gaga-Yamuna Kedarnath Trasdi /
260 ## - PUBLICATION, DISTRIBUTION, ETC. (IMPRINT)
Place of publication, distribution, etc दिल्ली
Name of publisher, distributor, etc आकाश गंगा पब्लिकेशन
Date of publication, distribution, etc 2020
270 ## - ADDRESS
Address 30/83,गली न-7,विश्वास नगर, शाहदरा,
City दिल्ली
Postal code 110032
Telephone number 0-8010236707
Electronic mail address aakashgangapublication@gmail.com
300 ## - PHYSICAL DESCRIPTION
Extent 144पृ.
Dimensions 22सेमी.(सजिल्द)
500 ## - GENERAL NOTE
General note AIRPORT
942 ## - ADDED ENTRY ELEMENTS (KOHA)
Source of classification or shelving scheme Dewey Decimal Classification
Item type Hindi Books
Classification part 954.13
Call number suffix भाटिया
Holdings
Withdrawn status Lost status Not for loan Collection code Home library Current library Date acquired Source of acquisition Cost, normal purchase price Full call number Barcode Copy number Cost, replacement price Koha item type Public note
      Non-fiction Andrews Gunj Andrews Gunj 17/05/2019 DBAD/PUB 350.00 954.13 भाटिया HN-88495 1 350.00 Hindi Books  
      Non-fiction Mobile Library Mobile Library 17/07/2020 आकाश गंगा पब्लिकेशन/160/04.03.2020/74/26.02.2020/11.03.2020 400.00 954.13945.13 भाटिया B-734066 5 400.00 Hindi Books AAI(CSR)
      Non-fiction Mobile Library Mobile Library 17/07/2020 आकाश गंगा पब्लिकेशन/160/04.03.2020/74/26.02.2020/11.03.2020 400.00 954.13945.13 भाटिया B-734067 5 400.00 Hindi Books AAI(CSR)
      Non-fiction Mobile Library Mobile Library 17/07/2020 आकाश गंगा पब्लिकेशन/160/04.03.2020/74/26.02.2020/11.03.2020 400.00 954.13945.13 भाटिया B-734068 5 400.00 Hindi Books AAI(CSR)
      Non-fiction Mobile Library Mobile Library 17/07/2020 आकाश गंगा पब्लिकेशन/160/04.03.2020/74/26.02.2020/11.03.2020 400.00 954.13945.13 भाटिया B-734069 5 400.00 Hindi Books AAI(CSR)
      Non-fiction Mobile Library Mobile Library 17/07/2020 आकाश गंगा पब्लिकेशन/160/04.03.2020/74/26.02.2020/11.03.2020 400.00 954.13945.13 भाटिया B-734070 5 400.00 Hindi Books AAI(CSR)

© Delhi Public Library
Hit Counter
free hit counter